000 00410nam a2200181Ia 4500
005 20240823011315.0
008 240823s9999||||xx |||||||||||||| ||und||
082 _A823
100 _a"Peters,Thomas J"
245 0 _aIn Search of Excellance
250 _a1st
260 _b"Warner,L"
500 _aYES
650 _aGeneral
_bGeneral
700 _a" Waterman,Robert h"
942 _cBK
999 _c161141
_d161141